|
|
|
|
| LEADER |
00000cac a2200000 a 4500 |
| 001 |
101279 |
| 003 |
Ucuenca |
| 005 |
20230308164406.0 |
| 008 |
982120|1971 mx |||||r|||||||||||spa|| |
| 040 |
|
|
|b spa
|
| 041 |
1 |
|
|a spa
|
| 082 |
0 |
|
|a 193.04
|
| 100 |
1 |
|
|a Gulián, Constantín I.
|9 30033
|
| 245 |
|
|
|a Método y sistema de Hegel:
|b fuentes ideológicas y génesis de la filosofía hegeliana
|c Constantín I. Gulián
|h imp
|n tomo 1
|
| 246 |
|
|
|a Metoda si sistem de Hegel
|
| 250 |
|
|
|a 1a ed.
|
| 264 |
|
|
|a México
|b Grijalbo
|c 1971
|
| 300 |
|
|
|a 289 páginas:
|c 21 cm
|
| 504 |
|
|
|a incl. ref.
|
| 650 |
|
0 |
|a Filosofía del derecho
|9 7627
|
| 650 |
|
0 |
|a Filosofía hegeliana
|9 1532
|
| 852 |
|
|
|a UC-CDJBV
|f Donación
|l 1
|m General
|p 19821203
|q 230,00
|r 2
|t 101279
|b 0
|d CDRC
|e CDRC
|g 193.04 PRIMER PISO
|z 1982-21-20
|
| 942 |
|
|
|c CR
|0 1
|
| 999 |
|
|
|c 24968
|d 24968
|